00347 a2200109 4500020001500000082001700015100002200032245007100054260005200125300003100177650002900208 a3433014493 a624.1513 SMO aSmoltczyk, Ulrich aGeotechnical engineering Handbook [vol 1]cEditor Ulrich Smoltczyk aBerlin :bErnst and Sohn A Wiley Company,c2002 axx, 787p. :bill. ;c25 cm aGeotechnical engineering